Fr. Conceicao Rodrigues College of Engineering

Power Generation System (Record no. 20975)

MARC details
000 -LEADER
fixed length control field 00237nam a2200121Ia 4500
082 ## - DEWEY DECIMAL CLASSIFICATION NUMBER
Classification number 621.3
100 ## - MAIN ENTRY--PERSONAL NAME
Personal name Power
245 ## - TITLE STATEMENT
Title Power Generation System
260 ## - PUBLICATION, DISTRIBUTION, ETC.
Name of publisher, distributor, etc. McGraw Hill
Date of publication, distribution, etc. 2001
300 ## - PHYSICAL DESCRIPTION
Extent 396
546 ## - LANGUAGE NOTE
Language note ENGLISH
942 ## - ADDED ENTRY ELEMENTS (KOHA)
Koha item type BOOK
Holdings
Withdrawn status Lost status Damaged status Not for loan Collection Home library Current library Date acquired Total Checkouts Full call number Barcode Date last seen Price effective from Koha item type
        AFT Fr. Agnel's C.Rodrigues College of Engineering Fr. Agnel's C.Rodrigues College of Engineering 17/03/2023   621.3 AFT592 17/03/2023 17/03/2023 BOOK